Fill the World Map with City Dots Of Radius 25 - Statistics

General Stats
  • This quiz has been taken 551 times
  • The average score is 28 of 68
Answers on the Map
Answers color-coded by a green-red scale on the quiz's map according to % correct below.
 
Answer Stats
# City % Correct
6 New York
94%
13 London
92%
9 Los Angeles
87%
12 Moscow
87%
2 Tokyo
87%
5 Mexico City
84%
21 Sydney
83%
8 Beijing
81%
11 Cairo
81%
4 Delhi
77%
28 Vancouver
76%
16 Lima
74%
45 Reykjavik
74%
19 Santiago
74%
7 São Paulo
73%
3 Jakarta
71%
30 Perth
71%
14 Johannesburg
70%
17 Bogotá
69%
23 Dubai
69%
38 Anchorage
65%
32 Auckland
65%
10 Lagos
63%
22 Casablanca
60%
26 Addis Ababa
58%
20 Dar es Salaam
58%
35 Honolulu
58%
27 Dakar
55%
55 Nuuk
55%
29 Baku
54%
34 Belgrade
54%
1 Guangzhou
52%
18 Luanda
49%
39 Port Moresby
46%
37 Winnipeg
42%
15 Bangalore
40%
47 Saint John's
36%
24 Recife
33%
25 Ürümqi
31%
42 Port Louis
29%
49 Tromso
29%
31 Yekaterinburg
26%
51 Apia
24%
52 Tarawa
17%
33 Davao
16%
48 Noumea
13%
46 Punta Arenas
12%
66 Edinburgh of the Seven Seas
9%
53 Faaa
8%
43 Noril'sk
8%
59 Hanga Roa
6%
65 McMurdo Station
6%
50 Saipan
6%
56 Anadyr
5%
67 Port-aux-Francais
5%
68 Grytviken
4%
61 Saint-Georges-de-l'Oyapock
4%
41 Bratsk
3%
40 Komsomolsk-on-Amur
3%
60 Derby
2%
64 Kugluktuk
2%
36 Santiago de los Caballeros
2%
44 Surat Thani
2%
63 Tabwakea Village
2%
62 Chokurdakh
1%
58 Atlasovo
0%
54 McAlester
0%
57 Vilyuysk
0%
No matching quizzes found
Score Distribution
Percent of People with Each Score
Percentile by Number Answered
Your Score History
You have not taken this quiz